000 00307nam a22001337a 4500
008 180306b xxu||||| |||| 00| 0 eng d
020 _a9781413033083
041 _aeng
080 _210th
_a82
100 _a22
101 _aGJL
245 _aLiterature structure, sound& sense
_cArp,Th.R
942 _2udc
_cBK
999 _c44179
_d44179